Methodological principles of cloud technology application in education

Saved in:
Bibliographic Details
Main Author: Sadvakassova, Aigul
Other Authors: Serik, Meruert, Kultan, Jaroslav, 1960-
Format: Book Chapter
Language:English
Subjects:
Tags: Add Tag
No Tags, Be the first to tag this record!

MARC

LEADER 00000nla a2200000 4500
001 0234305
005 20240502073812.2
041 0 |a eng 
044 |a SK 
245 1 0 |a Methodological principles of cloud technology application in education  |c Aigul Sadvakassova, Meruert Serik, Jaroslav Kultan 
610 2 0 |a vzdelávanie elektronické 
610 2 0 |a technológie informačné 
610 2 0 |a technológie komunikačné 
610 2 0 |a metodológia 
100 1 |a Sadvakassova, Aigul 
700 1 |a Serik, Meruert 
700 1 |a Kultan, Jaroslav, 1960-